| 000 | 00844nmm a2200265 a 4500 | ||
|---|---|---|---|
| 001 | ocm000924466 | ||
| 003 | TR-IsHL | ||
| 005 | 20201028145213.0 | ||
| 008 | 150110s2013 tu tur | ||
| 007 | cr cn | ||
| 020 | _a9786055904401 | ||
| 035 |
_a924466 _b(N$T) |
||
| 050 | 0 | 4 |
_aPL248.E3 _bG53 2013 |
| 090 | 0 | 4 |
_aPL248.E3 _bG53 2013 |
| 100 | 1 | _aEdgü, Ferit | |
| 245 | 1 | 0 |
_aGiden bir kedinin ardından _h[electronic resource] / _cFerit Edgü |
| 260 |
_aİstanbul : _bNotos Kitap Yayınevi, _c2013 |
||
| 300 | _a113 p. | ||
| 650 | 4 | _aDil ve Edebiyat | |
| 650 | 4 | _aLanguage and Literature | |
| 650 | 0 | _aKısa hikayeler, Türk | |
| 650 | 0 | _aShort stories, Turkish | |
| 650 | 7 |
_aLITERARY COLLECTIONS / Middle Eastern _2bisacsh |
|
| 856 | 4 | 0 | _uhttp://search.ebscohost.com/login.aspx?direct=true&scope=site&db=e011xww&AN=924466 |
| 999 |
_c9834 _d9834 |
||